书目信息 |
| 题名: |
矿业权政策性整合法律问题研究
|
|
| 作者: | 郗伟明 著 | |
| 分册: | ||
| 出版信息: | 北京 经济管理出版社 2015 |
|
| 页数: | 222页 | |
| 开本: | 24cm | |
| 丛书名: | ||
| 单 册: | ||
| 中图分类: | D922.624 , F426.21 , D922 | |
| 科图分类: | ||
| 主题词: | 煤炭企业--mei tan qi ye--企业兼并--矿产权--研究--山西省 | |
| 电子资源: | ||
| ISBN: | 978-7-5096-3946-7 | |
| 000 | 01765nam0 2200301 450 | |
| 001 | 2334782210 | |
| 005 | 20231208094007.54 | |
| 010 | @a978-7-5096-3946-7@dCNY98.00 | |
| 100 | @a20160316d2015 em y0chiy50 ea | |
| 101 | 0 | @achi |
| 102 | @aCN@b110000 | |
| 105 | @ay a 001yy | |
| 200 | 1 | @a矿业权政策性整合法律问题研究@Akuang ye quan zheng ce xing zheng he fa lv wen ti yan jiu@e以山西煤炭企业兼并重组为背景@d= On the legal issues of the policy integration of mining right@eunder the background of the M&A of coal undertakings@f郗伟明著@zeng |
| 210 | @a北京@c经济管理出版社@d2015 | |
| 215 | @a222页@d24cm | |
| 300 | @a中国社会科学院创新工程学术出版资助项目 全国博士后管理委员会资助项目 本书获全国哲学社会科学规划办公室国家社会科学基金项目“我国能源政策法治化研究”、山西省软科学基金研究项目“能源发展转型的法治逻辑”资助 | |
| 314 | @a郗伟明, 法学博士, 民商法学博士后。现为山西财经大学法学院副教授、硕士研究生导师。 | |
| 320 | @a有书目 (第204-215页) 和索引 | |
| 330 | @a本书主要内容包括: 第一章主要针对山西煤炭资源整合的基础理论进行全面分析; 第二章主要采取实证的方式强调山西煤炭资源整合的现实动因; 第三章对山西煤炭资源整合中的问题进行梳理和分析; 第四章主要针对山西煤炭资源整合中存在的问题提出相应的对策; 第五章着重就山西煤炭资源整合进程中的经验教训进行总结和反思。 | |
| 510 | 1 | @aOn the legal issues of the policy integration of mining right@eunder the background of the M&A of coal undertakings@zeng |
| 517 | 1 | @a以山西煤炭企业兼并重组为背景@Ayi shan xi mei tan qi ye jian bing zhong zu wei bei jing |
| 606 | 0 | @a煤炭企业@Amei tan qi ye@x企业兼并@x矿产权@x研究@y山西省 |
| 690 | @aD922.624@v5 | |
| 690 | @aF426.21@v5 | |
| 690 | @aD922@v4 | |
| 701 | 0 | @a郗伟明@Achi wei ming@4著 |
| 801 | 0 | @aCN@b湖北三新@c20160316 |
| 905 | @aBZT@dD922@e178 | |
| 矿业权政策性整合法律问题研究:以山西煤炭企业兼并重组为背景= On the legal issues of the policy integration of mining right:under the background of the M&A of coal undertakings/郗伟明著.-北京:经济管理出版社,2015 |
| 222页;24cm |
| 中国社会科学院创新工程学术出版资助项目 全国博士后管理委员会资助项目 本书获全国哲学社会科学规划办公室国家社会科学基金项目“我国能源政策法治化研究”、山西省软科学基金研究项目“能源发展转型的法治逻辑”资助 |
| ISBN 978-7-5096-3946-7:CNY98.00 |
| 本书主要内容包括: 第一章主要针对山西煤炭资源整合的基础理论进行全面分析; 第二章主要采取实证的方式强调山西煤炭资源整合的现实动因; 第三章对山西煤炭资源整合中的问题进行梳理和分析; 第四章主要针对山西煤炭资源整合中存在的问题提出相应的对策; 第五章着重就山西煤炭资源整合进程中的经验教训进行总结和反思。 |
| ● |
| 相关链接 |
|
|
|
正题名:矿业权政策性整合法律问题研究
索取号:D922/178
 
预约/预借
| 序号 | 登录号 | 条形码 | 馆藏地/架位号 | 状态 | 备注 |
| 1 | 2001359586 | 2001359586 | 315书库/ [索取号:D922/178] | 在馆 | |
| 2 | 2001359587 | 2001359587 | 505书库/ [索取号:D922/178] | 在馆 | |
| 3 | 2001359588 | 2001359588 | 504书库/ [索取号:D922/178] | 在馆 | |
| 4 | 2001359589 | 2001359589 | 504书库/ [索取号:D922/178] | 在馆 | |
| 5 | 2001359590 | 2001359590 | 504书库/ [索取号:D922/178] | 在馆 | |
| 6 | 2001359591 | 2001359591 | 504书库/ [索取号:D922/178] | 在馆 | |
| 7 | 2001359592 | 2001359592 | 505书库/ [索取号:D922/178] | 在馆 | |
| 8 | 2001359593 | 2001359593 | 315书库/ [索取号:D922/178] | 在馆 | |
| 9 | 2001359594 | 2001359594 | 315书库/ [索取号:D922/178] | 在馆 | |
| 10 | 2001359595 | 2001359595 | 315书库/ [索取号:D922/178] | 在馆 | |
| 11 | 2001359596 | 2001359596 | 315书库/ [索取号:D922/178] | 在馆 | |
| 12 | 2001359597 | 2001359597 | 315书库/ [索取号:D922/178] | 在馆 | |
| 13 | 2001359598 | 2001359598 | 505书库/ [索取号:D922/178] | 在馆 | |
| 14 | 2001359599 | 2001359599 | 505书库/ [索取号:D922/178] | 在馆 | |
| 15 | 2001359600 | 2001359600 | 505书库/ [索取号:D922/178] | 在馆 | |
| 16 | 2001359601 | 2001359601 | 505书库/ [索取号:D922/178] | 在馆 | |
| 17 | 2001359602 | 2001359602 | 504书库/ [索取号:D922/178] | 在馆 | |
| 18 | 2001359603 | 2001359603 | 504书库/ [索取号:D922/178] | 在馆 |